Adversários do Botafogo na Copa Libertadores da América - Statistics

Estatísticas Gerais
  • Esse quiz foi jogado 47 vezes
    6 desde o último reset
  • A pontuação média é 17 de 29
Estatísticas das Respostas
Edição Clube % Correto
2024 Atlético Mineiro
100%
1973, 2017 Colo Colo
100%
2017, 2025 Estudiantes-ARG
100%
2017 Olimpia
100%
1973, 2024 Palmeiras
100%
1973, 2024 Peñarol
100%
2014 San Lorenzo
100%
2017, 2026 Barcelona-EQU
75%
1996 Corinthians
75%
1996, 2017 Grêmio
75%
2024, 2025 LDU (Quito)
75%
2024 São Paulo
75%
2024 Universitario
75%
2024 Aurora
50%
2025 Carabobo
50%
2014 Deportivo Quito
50%
2014 Independiente Del Valle
50%
2024 Junior Barranquilla
50%
1973, 2017 Nacional-URU
50%
2024 Red Bull Bragantino
50%
1963 Santos
50%
1996 Universidad Católica
50%
1996, 2025 Universidad do Chile
50%
2017 Atlético Nacional-COL
25%
1973 Cerro Porteño
25%
1963 Alianza Lima
0%
1963 Millonarios
0%
2026 Nacional Potosí-BOL
0%
2014 Unión Española
0%
Nenhum quiz correspondente encontrado
Distribuição das Pontuações
Porcentagem de Pessoas com Cada Pontuação
Percentil de Números Respondidos
Sua Pontuação Histórica
Você não jogou esse quiz desde o último reset